000 00870nam a2200241Ia 4500
003 OSt
005 20220930070014.0
006 a|||||r|||| 00| 0
007 ta
008 220926b |||||||| |||| 00| 0 eng d
024 _a6382
037 _cTheses
040 _aCRL
_cCRL
_beng
041 _2eng
_aeng
100 _aRewadikar Shalini
_9526640
110 _aUniversity of Delhi. Faculty of Arts. Department of Library and Information Science
_9519370
245 0 _aProfessional manpower needs in University and College Libraries of Delhi, Punjab and Madhya Pardesh and their implications on Library an Information Science education
260 _c1990
650 _aLIBRARY SCIENCE
700 _aUniversity of Delhi. Faculty of Arts. Department of Library and Information Science
_9519372
942 _cDIS
_2CC
999 _c860304
_d860304